000 00676nam a2200181Ia 4500
003 GCL
008 140319s9999 xx 000 0 ara d
040 _aGCL /
_cGCL
082 0 4 _a780.6
_bم م
100 1 _aالمعهد الملكى للموسيقى العربية
245 1 0 _aالمعهد الملكى للموسيقى العربية: نشاته واغراضه واعماله /
_cالمعهد الملكى للموسيقى العربية
300 _a68 ص
490 _aالهيئة العامة للاستعلامات
_v0
650 0 4 _aالموسيقى
650 0 4 _aالموسيقى - مؤسسات
650 0 4 _aالموسيقى - جمعيات
942 _2ddc
_cBK
999 _c50087
_d50087